| 000 | 00368nam a2200133Ia 4500 | ||
|---|---|---|---|
| 008 | 230907s9999||||xx |||||||||||||| ||und|| | ||
| 082 |
_a338.9 _bZHO |
||
| 100 | _aZhongjie, Li. | ||
| 245 | 0 | _aChina's National Development Strategies : understanding China / | |
| 260 |
_aForeign Languages Press, _c2019 |
||
| 300 | _a627 p. | ||
| 650 | _aChinese Studies | ||
| 942 | _cBK | ||
| 999 |
_c601675 _d601675 |
||